Czech first football league members - Statistics

General Stats
  • This quiz has been taken 25 times
  • The average score is 20 of 33
Answer Stats
Answer Seasons % Correct
Baník Ostrava 32
94%
Slavia Prague 33
94%
Sparta Prague 33
94%
Zlín 20
94%
Karviná 11
88%
Zbrojovka Brno 26
88%
Pardubice 6
82%
Slovan Liberec 33
82%
Viktoria Pilsen 29
82%
Bohemians Prague 1905 25
76%
Bohemians Prague (FC Střížkov) 1
76%
Dynamo České Budějovice 24
76%
Hradec Králové 19
76%
Jablonec 32
76%
Sigma Olomouc 31
76%
Teplice 30
76%
Dukla Prague 11
71%
Slovácko (Slavia Uherské Hradiště) 25
71%
Mladá Boleslav 22
65%
Opava 11
59%
Vysočina Jihlava 7
59%
Příbram 22
53%
Ústí nad Labem 1
47%
Viktoria Žižkov 14
47%
Blšany 8
35%
Union Cheb 3
35%
Kladno 4
29%
Benešov 1
24%
Drnovice 10
24%
Lázně Bohdaneč 1
18%
Mostecký FK 3
18%
Vítkovice 1
18%
Znojmo 1
18%
No matching quizzes found
Score Distribution
Percent of People with Each Score
Percentile by Number Answered
Your Score History
You have not taken this quiz